000 00356nam a2200121Ia 4500
008 190216s9999||||xx |||||||||||||| ||und||
100 _a"Ralph L Shriner ,the Late Reynold C Fuson & David Y Curtin"
245 0 _aSystematic Identification Of Organic Compounds
260 _bJohn Wiley & Sons
_c1948
300 _a604p
650 _aChemistry
942 _cBK
999 _c2609
_d2609